| 000 | 00783nam a2200217 a 4500 | ||
|---|---|---|---|
| 005 | 20210223132350.0 | ||
| 008 | 140521s2006 mx r 000 0 spa d | ||
| 020 | _a9580484600 | ||
| 035 | _aUPN01000197426 | ||
| 049 | _aCG | ||
| 050 | 4 |
_aPQ7085 _bM6.7 |
|
| 100 | 1 |
_aMordzinski, Daniel, _d1960- _935846 |
|
| 245 | 0 | 3 |
_aEl país de las palabras : _bretratos y palabras de escitores de América Latin : 1980-2006 / _ccomp. Daniel Mordzinski. |
| 260 |
_aBogotá : _bNorma, _c2006. |
||
| 300 |
_a179 p. : _bil. |
||
| 440 | 0 | _aBiografías y documentos | |
| 650 | 4 |
_aLITERATURA HISPANOAMERICANA - _ySIGLO XX - _xHISTORIA Y CRITICA _910212 |
|
| 650 | 4 |
_aAUTORES HISPANOAMERICANOS - _ySIGLO XX - _vRETRATOS _923235 |
|
| 651 | 4 |
_aPARIS, FRANCIA - _xDESCRIPCION Y VIAJES _98151 |
|
| 905 | _aLibro | ||
| 999 |
_c169527 _d169527 |
||